00671nam a22001817a 4500003000400000005001700004008004100021040001800062100003000080245014800110260001600258650006700274650002200341650002500363650003700388700002500425856003900450OSt20240905102633.0240905b ||||| |||| 00| 0 eng d cAIMIT LIBRARY aR, K Keerthiraj e2216085 aStudy on financial performance and forecasting sales of Janatha fish meals and oil product industry /cBy Keertiraj K R ; Guided by Beena Dias. aUdup;c2024 aIndustry profile company profile and introduction to the study aLiterature review aResearch methodology aData analysis and interpretation aDias, Beena.eGuide. 3Janatha Fish Meal & Oil Products ;